| Tag |
First Indicator |
Second Indicator |
Subfields |
| LEADER |
00000cam a22000001a 4500 |
| 001 |
in00004100429 |
| 005 |
20200117091347.0 |
| 006 |
m d f |
| 007 |
cr bn mmmapmmp |
| 008 |
100726s2010 dcua ob f000 0 eng d |
| 035 |
|
|
|a chdc201001138
|
| 040 |
|
|
|a UMI
|c UMI
|d UtOrBLW
|
| 042 |
|
|
|a pcc
|
| 043 |
|
|
|a n-us---
|
| 074 |
|
|
|a 1041-A
|
| 086 |
0 |
|
|a Y 4.C 73/7:S.HRG.111-379
|
| 110 |
1 |
|
|a United States.
|b Congress.
|b Senate.
|b Committee on Commerce, Science, and Transportation.
|b Subcommittee on Aviation Operations, Safety, and Security.
|0 http://id.loc.gov/authorities/names/no2010018270
|
| 245 |
1 |
0 |
|a FAA reauthorization :
|b NextGen and the benefits of modernization : hearing before the Subcommittee on Aviation Operations, Safety, and Security of the Committee on Commerce, Science, and Transportation, United States Senate, One Hundred Eleventh Congress, first session, March 25, 2009.
|
| 246 |
3 |
0 |
|a NextGen and the benefits of modernization
|
| 264 |
|
1 |
|a Washington :
|b U.S. G.P.O.,
|c 2010.
|
| 264 |
|
2 |
|a Washington :
|b For sale by the Supt. of Docs., U.S. G.P.O.
|
| 300 |
|
|
|a iii, 83 pages :
|b illustrations, digital, PDF file.
|
| 336 |
|
|
|a text
|b txt
|2 rdacontent
|
| 337 |
|
|
|a computer
|b c
|2 rdamedia
|
| 338 |
|
|
|a online resource
|b cr
|2 rdacarrier
|
| 490 |
1 |
|
|a S. hrg. ;
|v 111-379
|
| 500 |
|
|
|a Shipping list number: 2010-0252-P.
|
| 504 |
|
|
|a Includes bibliographical references.
|
| 500 |
|
|
|a Record is based on bibliographic data in ProQuest Congressional Hearings Digital Collection. Reuse except for individual research requires license from ProQuest, LLC.
|
| 500 |
|
|
|a Electronic resource.
|
| 533 |
|
|
|a Electronic reproduction.
|b [Bethesda, Md.] :
|c ProQuest,
|d 2010.
|e digital, PDF file.
|n ProQuest U.S. Congressional Hearings Digital Collection.
|n Mode of access: World Wide Web via ProQuest website.
|
| 538 |
|
|
|a System requirements: PDF reader software.
|
| 610 |
1 |
0 |
|a United States.
|b Federal Aviation Administration
|x Management.
|
| 650 |
|
0 |
|a Air traffic control
|x Technological innovations
|z United States.
|
| 650 |
|
0 |
|a Air traffic control
|z United States
|x Automation.
|
| 650 |
|
0 |
|a Air traffic control
|z United States
|x Planning.
|
| 776 |
0 |
8 |
|i Print version:
|a United States. Congress. Senate. Committee on Commerce, Science, and Transportation. Subcommittee on Aviation Operations, Safety, and Security.
|t FAA reauthorization
|w 9780160857515
|w 0160857511
|w (OCoLC)624173759
|z 2010443435
|
| 776 |
0 |
8 |
|i Microfiche version:
|a United States. Congress. Senate. Committee on Commerce, Science, and Transportation. Subcommittee on Aviation Operations, Safety, and Security.
|t FAA reauthorization
|d [Bethesda, Md.] : ProQuest,[2010]
|o CIS 2010 S261-9
|w (ProQuest)cis01002842
|
| 810 |
1 |
|
|a United States.
|b Congress.
|b Senate.
|t S. hrg. ;
|v 111-379.
|0 http://id.loc.gov/authorities/names/n83707917
|
| 856 |
4 |
0 |
|u http://proxy.library.tamu.edu/login?url=http://search.proquest.com/congcomp/getdoc?HEARING-ID=HRG-2009-CST-0017
|y Electronic resource (PDF)
|t 0
|
| 998 |
|
|
|a cis01002842
|
| 999 |
f |
f |
|s 02bd8495-e1de-3eb0-81cb-ebe9c7ec01c2
|i 5a45b84f-b9a4-3b4d-9bdb-b63608b4c501
|t 0
|
| 952 |
f |
f |
|a Texas A&M University
|b College Station
|c Electronic Resources
|d Available Online
|t 0
|e Y 4.C 73/7:S.HRG.111-379
|h Superintendent of Documents classification
|
| 998 |
f |
f |
|a Y 4.C 73/7:S.HRG.111-379
|t 0
|l Available Online
|